English translation of the Analects / (Record no. 25343)
[ view plain ]
| 000 -LEADER | |
|---|---|
| fixed length control field | 00647nam a2200193 4500 |
| 008 - FIXED-LENGTH DATA ELEMENTS--GENERAL INFORMATION | |
| fixed length control field | 051202s2004 ch eng |
| 090 ## - LOCALLY ASSIGNED LC-TYPE CALL NUMBER (OCLC); LOCAL CALL NUMBER (OCLC) | |
| Classification number (OCLC) (R) ; Classification number, CALL (RLIN) (NR) | PL2478 |
| Local cutter number (OCLC) ; Book number/undivided call number, CALL (RLIN) | K95 |
| -- | 1984 |
| 100 1# - MAIN ENTRY--PERSONAL NAME | |
| Personal name | Confucius |
| 245 10 - TITLE STATEMENT | |
| Title | English translation of the Analects / |
| Statement of responsibility, etc | Ku Hung-Ming. |
| 260 ## - PUBLICATION, DISTRIBUTION, ETC. (IMPRINT) | |
| Place of publication, distribution, etc | Taipei, ROC : |
| Name of publisher, distributor, etc | The Shin Sheng Daily News, |
| Date of publication, distribution, etc | 2004. |
| 300 ## - PHYSICAL DESCRIPTION | |
| Extent | 114, 216 p. |
| 500 ## - GENERAL NOTE | |
| General note | English and Chinese |
| 650 #4 - SUBJECT ADDED ENTRY--TOPICAL TERM | |
| Topical term or geographic name as entry element | Chinese classics |
| General subdivision | Translations into English. |
| 650 #4 - SUBJECT ADDED ENTRY--TOPICAL TERM | |
| Topical term or geographic name as entry element | Philosophy, Ancient. |
| 650 #4 - SUBJECT ADDED ENTRY--TOPICAL TERM | |
| Topical term or geographic name as entry element | Philosophy, Chinese. |
| 951 ## - EQUIVALENCE OR CROSS-REFERENCE-GEOGRAPHIC NAME/AREA NAME [OBSOLETE] [CAN/MARC only] | |
| General subdivision | 00032010 |
| 700 1# - ADDED ENTRY--PERSONAL NAME | |
| Personal name | Ku, Hung-Ming |
| 730 0# - ADDED ENTRY--UNIFORM TITLE | |
| Uniform title | Lun yu. English |
| 951 ## - EQUIVALENCE OR CROSS-REFERENCE-GEOGRAPHIC NAME/AREA NAME [OBSOLETE] [CAN/MARC only] | |
| -- | 28942 |
| -- | PL2478/K95/1984 |
| -- | 070613111531453 |
| -- | 2000-12-21 |
| -- | SP-C |
| Withdrawn status | Lost status | Damaged status | Not for loan | Home library | Current library | Shelving location | Date acquired | Accession number | Shelving control number | Total Checkouts | Full call number | Barcode | Date last seen | Price effective from | Koha item type |
|---|---|---|---|---|---|---|---|---|---|---|---|---|---|---|---|
| BSOP Library | BSOP Library | Special Collections English | 12/21/2000 | 28942 | 127 | PL2478/K95/1984 | 00032010 | 02/23/2013 | 02/23/2013 | Books |
